| 000 | 00411nam a2200157Ia 4500 | ||
|---|---|---|---|
| 008 | 230524s9999 xx 000 0 und d | ||
| 082 | _bDOM | ||
| 100 |
_aAnand V. Domkundwar _942014 |
||
| 245 | 2 | _aA Textbook of Fluid Mechanics & Hydraulic Machines | |
| 250 | _a1 | ||
| 260 |
_aNew Delhi _bDhanpat rai _c2012 |
||
| 300 | _a"XI,10.14p;" | ||
| 500 | _aQuantity Number: 1 | ||
| 650 | _aMechanics | ||
| 942 | _cBK | ||
| 999 |
_c56428 _d56428 |
||